000 01084nam a2200325 i 4500
001 bg
003 BPK
005 20220321135228.0
008 040109s2003 pl a f |001 0 pol
015 _aPB 2004/737
020 _a8389020114
040 _aWA N
_cBPK
041 0 _apol
080 _a517
080 _a(075.8)
100 1 _aGewert, Marian
_eAutor
245 1 0 _aAnaliza matematyczna 1 :
_bdefinicje, twierdzenia, wzory /
_cMarian Gewert, Zbigniew Skoczylas.
250 _aWyd. 13 uzup.
260 _aWrocław :
_b"GiS",
_c2003.
300 _a222 s. :
_brys., tab., wykr. ;
_c24 cm.
490 1 _aMatematyka dla Studentów Politechnik.
504 _aBibliogr. s. 196-197. Indeks.
655 4 _aPodręczniki akademickie
650 4 _aAnaliza matematyczna
700 1 _aSkoczylas, Zbigniew
_eAutor
710 2 _aOficyna Wydawnicza GiS
_4pbl.
830 0 _aMatematyka dla Studentów Politechnik
942 _2UKD
_cKS
856 _uhttp://koha.tu.koszalin.pl/cgi-bin/koha/opac-detail.pl?biblionumber=51334
_yKatalog online BPK
999 _c51334
_d51334